[Event "Rio de Janeiro Duchamp op 3rd"]
[Site "Rio de Janeiro"]
[Date "2019.12.08"]
[Round "3"]
[White "Da Veiga, Pedro Miguel Back"]
[Black "Vieira, Julia"]
[Result "1-0"]
[WhiteElo "1433"]
[BlackElo "1762"]
[PlyCount "69"]
[EventDate "2019.12.07"]
[EventType "swiss"]
[EventRounds "9"]
[EventCountry "BRA"]
[SourceTitle "EXT 2021"]
[Source "ChessBase"]
[SourceDate "2020.10.23"]
[SourceVersion "1"]
[SourceVersionDate "2020.10.23"]
[SourceQuality "1"]

1. c4 c5 2. Nc3 Nc6 3. g3 g6 4. Bg2 Bg7 5. Nf3 Nf6 6. 0-0 0-0 7. d3 d6 8. a3 Rb8 9. Rb1 Bd7 10. b4 cxb4 11. axb4 Qc8 12. Bg5 Re8 13. Qd2 Bh3 14. Rfc1 Bxg2 15. Kxg2 b6 16. d4 Nd8 17. Qd3 Ne6 18. Be3 Qb7 19. d5 Nc7 20. Nd4 Ra8 21. Nc6 Nd7 22. Bd4 e5 23. Be3 f5 24. f3 Nf6 25. c5 e4 26. Qd2 exf3+ 27. exf3 Rxe3 28. Qxe3 Re8 29. Qd3 Nfxd5 30. Nxd5 Qxc6 31. Nxc7 Qxc7 32. cxd6 Qf7 33. Rc7 Qa2+ 34. Kh3 Re2 35. Qb3+ 1-0

[Event "Sao Paulo-chT1"]
[Site "Sao Paulo"]
[Date "2019.02.24"]
[Round "3.1"]
[White "Jenidarchiche, Douglas Rodrigo"]
[Black "Vieira, Julia"]
[Result "1-0"]
[WhiteElo "1738"]
[BlackElo "1768"]
[PlyCount "79"]
[EventDate "2019.02.23"]
[EventType "team-tourn"]
[EventRounds "7"]
[EventCountry "BRA"]
[SourceTitle "EXT 2021"]
[Source "ChessBase"]
[SourceDate "2020.10.23"]
[SourceVersion "1"]
[SourceVersionDate "2020.10.23"]
[SourceQuality "1"]
[WhiteTeam "Caetano CDRSJ"]
[BlackTeam "Osasco III"]
[WhiteTeamCountry "BRA"]
[BlackTeamCountry "BRA"]

1. e4 Nf6 2. d3 e5 3. Nf3 Nc6 4. Be2 h6 5. Nbd2 Bc5 6. 0-0 0-0 7. Nc4 d6 8. Be3 b6 9. Bxc5 bxc5 10. c3 Re8 11. Re1 Be6 12. Qa4 Qd7 13. Rab1 Nd4 14. Qxd7 Nxe2+ 15. Rxe2 Nxd7 16. Nfd2 a5 17. a4 Reb8 18. f3 Nb6 19. b3 Ra7 20. Kf2 Bxc4 21. dxc4 Rab7 22. Ree1 Kf8 23. g3 Ke7 24. Ke3 Nd7 25. Kd3 Rf8 26. f4 f6 27. Nf1 Rfb8 28. Kc2 Nb6 29. Ne3 g6 30. h4 h5 31. f5 Rg8 32. Rg1 g5 33. g4 gxh4 34. gxh5 Rbb8 35. Rg6 Rbf8 36. Rh1 c6 37. Rxh4 Rh8 38. h6 Rh7 39. Ng4 Rff7 40. Rg8 1-0

[Event "BRA-ch U20 Girls"]
[Site "Sao Paulo"]
[Date "2018.06.30"]
[Round "4"]
[White "Vieira, Julia"]
[Black "Bonvini, Adriana Tonhati"]
[Result "1/2-1/2"]
[WhiteElo "1619"]
[BlackElo "1579"]
[PlyCount "88"]
[EventDate "2018.06.28"]
[EventType "swiss"]
[EventRounds "6"]
[EventCountry "BRA"]
[SourceTitle "EXT 2019"]
[Source "ChessBase"]
[SourceDate "2018.10.10"]
[SourceVersion "1"]
[SourceVersionDate "2018.10.10"]
[SourceQuality "1"]

1. c4 e6 2. Nc3 f5 3. d4 Nf6 4. Nf3 d5 5. Bf4 Bd6 6. Bxd6 Qxd6 7. e3 c6 8. Qc2 Nbd7 9. a3 Ne4 10. cxd5 exd5 11. Be2 0-0 12. 0-0 h6 13. b4 b6 14. Ne5 Bb7 15. Nxd7 Qxd7 16. Nd1 Rac8 17. f3 Nd6 18. Nb2 Rfe8 19. Kf2 Qe7 20. Qd2 Qh4+ 21. Kg1 Re7 22. Bd3 Rce8 23. Nd1 Qf6 24. Qf2 c5 25. Ra2 c4 26. Bb1 f4 27. exf4 Qxf4 28. Qd2 Qxd2 29. Rxd2 Ba6 30. Nc3 Bb7 31. Kf2 Kf7 32. Rc1 Kf6 33. a4 a6 34. Re2 Rxe2+ 35. Nxe2 Nf5 36. Bxf5 Kxf5 37. Nc3 g6 38. Re1 Rxe1 39. Kxe1 Ke6 40. Kd2 Kd6 41. b5 a5 42. Ke3 Bc8 43. Kf4 Bf5 44. g3 Bd3 1/2-1/2

[Event "BRA-ch U20 Girls"]
[Site "Sao Paulo"]
[Date "2018.06.29"]
[Round "3"]
[White "Tamarozi, Isabelle"]
[Black "Vieira, Julia"]
[Result "0-1"]
[WhiteElo "1927"]
[BlackElo "1619"]
[PlyCount "128"]
[EventDate "2018.06.28"]
[EventType "swiss"]
[EventRounds "6"]
[EventCountry "BRA"]
[SourceTitle "EXT 2019"]
[Source "ChessBase"]
[SourceDate "2018.10.10"]
[SourceVersion "1"]
[SourceVersionDate "2018.10.10"]
[SourceQuality "1"]

1. e4 Nf6 2. e5 Nd5 3. d4 d6 4. c4 Nb6 5. exd6 cxd6 6. Nc3 g6 7. Be3 Bg7 8. Be2 Nc6 9. Rc1 0-0 10. b3 e5 11. d5 Ne7 12. Nf3 Bg4 13. Ng1 Bxe2 14. Ngxe2 Nf5 15. Bd2 Rc8 16. Ne4 Nd4 17. 0-0 Nxe2+ 18. Qxe2 f5 19. Ng5 Bf6 20. Ne6 Qe7 21. Bh6 Rfe8 22. Rfd1 Na8 23. Qd2 Nc7 24. Ng5 Bg7 25. Bxg7 Qxg7 26. b4 h6 27. Nf3 Red8 28. h3 Kh7 29. c5 dxc5 30. Rxc5 b6 31. Rc2 e4 32. d6 Ne6 33. Rxc8 Rxc8 34. Ne1 Qe5 35. Nc2 Kg7 36. Ne3 Ng5 37. d7 Rd8 38. Nc4 Qe7 39. Nd6 e3 40. Qxe3 Rxd7 41. Qd4+ Kh7 42. Qd5 Ne4 43. Qa8 Rxd6 44. Rc1 Rd8 45. Qc6 Qd6 46. Qc4 Kg7 47. Qa6 Rd7 48. Qc8 Nf6 49. Qc4 Qf8 50. Qc3 Qd8 51. Rc2 g5 52. a3 Rd1+ 53. Kh2 Qd6+ 54. Qg3 Qxg3+ 55. Kxg3 Rd3+ 56. Kh2 Rxa3 57. b5 Ne4 58. Rc7+ Kf6 59. Rc6+ Ke5 60. f3 Nd6 61. f4+ gxf4 62. Rc7 Nxb5 63. Rh7 Nd6 64. Rxh6 b5 0-1

[Event "Sao Paulo Salles Cup 12th"]
[Site "Sao Paulo"]
[Date "2018.04.21"]
[Round "4"]
[White "Narimatsu, Fabio Carramao"]
[Black "Vieira, Julia"]
[Result "0-1"]
[WhiteElo "1417"]
[BlackElo "1691"]
[PlyCount "124"]
[EventDate "2018.04.20"]
[EventType "swiss"]
[EventRounds "6"]
[EventCountry "BRA"]
[SourceTitle "CBM 184 Extra"]
[Source "ChessBase"]
[SourceDate "2018.06.28"]
[SourceVersion "1"]
[SourceVersionDate "2018.06.28"]
[SourceQuality "1"]

1. e4 Nf6 2. e5 Nd5 3. d4 d6 4. c4 Nb6 5. exd6 cxd6 6. b3 g6 7. Bb2 Bg7 8. Nf3 Nc6 9. Na3 Bg4 10. Be2 0-0 11. 0-0 d5 12. Qd2 dxc4 13. bxc4 Bxf3 14. Bxf3 Nxd4 15. Bxd4 Qxd4 16. Qxd4 Bxd4 17. Rad1 Bc5 18. Nb5 Rab8 19. Nxa7 Nxc4 20. Rc1 b5 21. Nxb5 Rfc8 22. a4 Nd2 23. Rfd1 Nxf3+ 24. gxf3 Ra8 25. Kg2 Bb6 26. Rxc8+ Rxc8 27. Rd2 Rc4 28. Ra2 Ba5 29. Re2 Kf8 30. Re4 Rc2 31. Na3 Ra2 32. Nb5 Bb6 33. Nd4 f5 34. Re2 Rxa4 35. Ne6+ Ke8 36. Rb2 Bd4 37. Nxd4 Rxd4 38. Kg3 Kf7 39. Re2 Kf6 40. h3 e5 41. Ra2 e4 42. Ra6+ Kg5 43. Re6 f4+ 44. Kg2 Kf5 45. Re8 e3 46. fxe3 Rd2+ 47. Kf1 fxe3 48. Rxe3 Kf4 49. Re7 h5 50. Rg7 Rd6 51. Rf7+ Kg3 52. Re7 Kxh3 53. Kf2 Rd2+ 54. Kg1 Kg3 55. Kf1 Rf2+ 56. Kg1 Rxf3 57. Ra7 h4 58. Ra2 g5 59. Rg2+ Kf4 60. Kh2 h3 61. Rg1 g4 62. Rf1 g3+ 0-1